Chansons- Terminez les paroles - Statistiques

Statistiques générales
  • Ce quiz a été pris 17 537 fois
  • Le résultat moyen est 10 sur 20
Statistiques - réponses
Paroles
Suite un mot
% Correct
Sous les sunlights des... tropiques
92%
Emmenez-moi au bout de la... terre
90%
Tu étais formidable, j'étais fort... minable
85%
The show must go... on
82%
Je ne suis pas un... héros
79%
It's the eye of the... tiger
79%
L'aventurier contre tout... guerrier
71%
Je te donne toutes mes.... différences
63%
We were born to be... alive
60%
Elle répondait au nom de... bella
56%
Où la terre serait... ronde
52%
All in all it's just another brick in the... wall
45%
This ship is taking me far... away
41%
Monsieur le... président
34%
And nothing else... matters
32%
Le bonheur n'existe que pour plaire, je le... veux
29%
Pourtant, que la montagne est belle, comment peut-on... s'imaginer
21%
Forcer les portes, les... barrages
16%
It's fun to stay at the... YMCA
8%
So when you're waiting for the next... attack
0%
Aucun quiz correspondant
Distribution des résultats
% des personnes avec chaque résultat
Percentile par nombre de réponses
Votre historique - résultats
Vous n’avez pas pris ce quiz